000 00992cam a22003137a 4500
003 CHAP
005 20220329133002.0
008 971013s1989 r 00010 d
010 _a959
011 _a1931
035 _a1116
040 _cCHAP
100 0 0 _aElizalde Trejo, Lorenzo.
_936301
245 1 3 _aEl papel del crédito en la reproducción económica del ejido colectivo henequenero
260 _aChapingo, Méx. :
_bEl autor,
_c1989
300 _a76 h.
_e+ cuadros
500 _a39-195
590 _aBATCH-UPD
_b10
_c20130110
_lUCH01
_h0012
590 _aBATCH-UPD
_b10
_c20130110
_lUCH01
_h0949
590 _aBATCH-UPD
_b10
_c20130410
_lUCH01
_h0603
590 _aBATCH-UPD
_b10
_c20130914
_lUCH01
_h1059
590 _aCONVERSION
_b10
_c20130109
_lUCH01
_h1302
650 1 4 _aCrédito agrícola.
_929022
650 1 4 _aHenequén
_xAspectos económicos.
_953568
650 1 4 _aHenequén
_xMercadeo.
_953581
901 _aBK
942 _cTESIS
949 _bBC
_cTES
_d-10580
_eTS1
_h23143
_i1116
_si
999 _c959
_d959